000
00312nam a2200121Ia 4500
005
20251222143136.0
008
251222s9999||||xx |||||||||||||| ||spa||
082
_a
519.5/W43
100
_a
Welkowitz, Joan
245
0
_a
EstadÃstica Aplicada a Las Ciencias de la Educación
264
_b
Santillana
942
_c
LIB
999
_c
12118
_d
12118